Волоконная оптика и измерения в телекоммуникационных системах (Запись № 13535269)
[ простой вид ]
| 000 -МАРКЕР | |
|---|---|
| контрольное поле | 02609nam0a2200361 4500 |
| 001 - ИДЕНТИФИКАТОР ЗАПИСИ | |
| контрольное поле | RU\NLR\BIBL_A\022574064 |
| 005 - ИДЕНТИФИКАТОР ВЕРСИИ | |
| контрольное поле | 20260129122435.0 |
| 010 ## - МЕЖДУНАРОДНЫЙ СТАНДАРТНЫЙ НОМЕР КНИГИ (ISBN) | |
| Номер (ISBN) | 978-5-9912-1062-1 |
| Тираж | 500 |
| 035 ## - ДРУГИЕ СИСТЕМНЫЕ НОМЕРА | |
| Идентификатор записи | (NLR Aleph) 022574064 |
| 100 ## - ДАННЫЕ ОБЩЕЙ ОБРАБОТКИ | |
| Данные общей обработки | 20250626d2025 u y0rusy50 ca |
| 101 0# - ЯЗЫК РЕСУРСА | |
| Язык текста, звукозаписи и т.д. | русский |
| 102 ## - СТРАНА ПУБЛИКАЦИИ ИЛИ ПРОИЗВОДСТВА | |
| Страна публикации | Российская Федерация |
| 105 ## - ПОЛЕ КОДИРОВАННЫХ ДАННЫХ: ТЕКСТОВЫЕ МАТЕРИАЛЫ, МОНОГРАФИЧЕСКИЕ | |
| Кодированные данные о монографическом текстовом документе | a j 000yy |
| 181 #0 - ПОЛЕ КОДИРОВАННЫХ ДАННЫХ: ВИД СОДЕРЖАНИЯ | |
| Код вида содержания (ISBD) | i3 |
| Код характеристики содержания (ISBD) | axxe |
| 182 #0 - ПОЛЕ КОДИРОВАННЫХ ДАННЫХ: ТИП СРЕДСТВА | |
| Код типа средства (ISBD) | n - непосредственное |
| 200 1# - ЗАГЛАВИЕ И СВЕДЕНИЯ ОБ ОТВЕТСТВЕННОСТИ | |
| Основное заглавие | Волоконная оптика и измерения в телекоммуникационных системах |
| Сведения, относящиеся к заглавию | учебное пособие для студентов вузов, обучающихся по направлениям подготовки "Инфокоммуникационные технологии и системы связи" (бакалавриат), "Инфокоммуникационные технологии и системы связи" (магистратура), а также для студентов технических вузов направлений подготовки группы 11.00.00 — "Электроника, радиотехника и системы связи" и по специальности 05.12.13 — "Системы, сети и устройства телекоммуникаций" (аспирантура) |
| Первые сведения об ответственности | Э. Л. Портнов, О. В. Колесников, А. Л. Сенявский, Б. П. Хромой |
| 203 ## - ВИД СОДЕРЖАНИЯ И ТИП СРЕДСТВА | |
| Вид содержания | Текст |
| Дополнительные сведения об издании | визуальный |
| Тип средства | непосредственный |
| 210 ## - ПУБЛИКАЦИЯ, РАСПРОСТРАНЕНИЕ И ДР. | |
| Место издания, распространения и т.д. | Москва |
| Имя издателя, распространителя и т. д. | Горячая линия - Телеком |
| Дата издания, распространения и т.д. | 2025 |
| 215 ## - ФИЗИЧЕСКАЯ ХАРАКТЕРИСТИКА | |
| Специфическое обозначение материала и объем | 439 с. |
| Другие сведения о физической характеристике | ил., табл. |
| Размеры | 21 |
| 225 1# - СЕРИЯ | |
| Основное заглавие серии | Учебное пособие для высших учебных заведений |
| Наименование части | Специальность |
| 320 ## - ПРИМЕЧАНИЯ О НАЛИЧИИ В ДОКУМЕНТЕ БИБЛИОГРАФИИ / УКАЗАТЕЛЯ | |
| Текст примечания | Библиогр. в конце разд. |
| 606 1# - НАИМЕНОВАНИЕ ТЕМЫ КАК ПРЕДМЕТ | |
| Наименование темы | Волоконная оптика |
| Формальный подзаголовок | Учебные издания для высших учебных заведений |
| Системный номер авторитетной/нормативной записи | 1312744 |
| Идентификатор авторитетной/нормативной записи | RU\NLR\AUTH\66228222 |
| 606 1# - НАИМЕНОВАНИЕ ТЕМЫ КАК ПРЕДМЕТ | |
| Наименование темы | Волоконно-оптические линии связи |
| Формальный подзаголовок | Учебные издания для высших учебных заведений |
| Тематический подзаголовок | Параметры |
| -- | Измерение |
| Системный номер авторитетной/нормативной записи | 1312837 |
| Идентификатор авторитетной/нормативной записи | RU\NLR\AUTH\66228282 |
| 686 1# - ИНДЕКСЫ ДРУГИХ КЛАССИФИКАЦИЙ | |
| Индекс | З845.79я73-1 |
| 701 #1 - ИМЯ ЛИЦА - АЛЬТЕРНАТИВНАЯ ОТВЕТСТВЕННОСТЬ | |
| Начальный элемент ввода | Портнов |
| Часть имени, кроме начального элемента ввода | Э. Л. |
| Расширение инициалов личного имени | Эдуард Львович |
| 701 #1 - ИМЯ ЛИЦА - АЛЬТЕРНАТИВНАЯ ОТВЕТСТВЕННОСТЬ | |
| Начальный элемент ввода | Колесников |
| Часть имени, кроме начального элемента ввода | О. В. |
| Расширение инициалов личного имени | Олег Вячеславович |
| 701 #1 - ИМЯ ЛИЦА - АЛЬТЕРНАТИВНАЯ ОТВЕТСТВЕННОСТЬ | |
| Начальный элемент ввода | Сенявский |
| Часть имени, кроме начального элемента ввода | А. Л. |
| Расширение инициалов личного имени | Александр Леонидович |
| 701 #1 - ИМЯ ЛИЦА - АЛЬТЕРНАТИВНАЯ ОТВЕТСТВЕННОСТЬ | |
| Начальный элемент ввода | Хромой |
| Часть имени, кроме начального элемента ввода | Б. П. |
| Расширение инициалов личного имени | Борис Петрович |
| 942 ## - ДОПОЛНИТЕЛЬНЫЕ ЭЛЕМЕНТЫ ЗАПИСИ (АБИС) | |
| Тип экземпляра АБИС | Книга |
| 980 ## - КОЛЛЕКЦИЯ | |
| Название коллекции | Национальная библиография |
Нет доступных экземпляров.